LEADER 01272nam a2200265 a 4500 001 000000155143 003 CaOOAMICUS 005 20161017160817.0 008 161017s1929 it u000 u ita r 032 $aLibriCat 040 $aPUL$bita 100 1 $aGrosso, Giuseppe.$0(OLS)http://pul/name/7480 245 10$aContributo alla studio dell'adempimento della condizione / $cGiuseppe Grosso. 260 $aTorino :$bpresso l'istituto giuridico della R. Università,$c1929. 300 $a59 p. ;$c25 cm. 490 1 $aUniversità di Torino. Memorie dell'Istituto giuridico. Serie II ;$v06 504 $aContiene riferimenti bibliografici. 650 04$aDiritto romano$xCritica e interpretazione.$0(OLS)http://pul/subject/3609 830 0$aMemorie dell'Istituto giuridico (Università di Torino).$nSerie II ;$v06.$0(OLS)http://pul/title/2705 850 $aPUL 852 $aPUL$W1$xDP1 Cons. Gen., Altre Classi 1$y22$m1039 F 2.6$j178202$qStampati$B181420$CPULBib$Z2$F181420 $H6118 $81 941 1 $a8 996 $6245$aContributo alla studio dell'adempimento della condizione / $9(OLS)http://pul/title/194786 996 $6260$aTorino :$bpresso l'istituto giuridico della R. Università$9(OLS)http://pul/publisher/49812 LEADER 01535naa a2200325 a 4500 001 000000124637 003 CaOOAMICUS 005 20220427131955.0 008 110310s2010 gw a u000 u ger r 020 $a978-3-451-30400-2 (v. 1-14) 032 $aLibriCat 040 $aPUL$bita 041 1 $ager$hfre 082 04$a270 130 0 $aHistoire du christianisme des origines à nos jours.$lTedesco.$0(OLS)http://pul/title/157109 245 10$aBischöfe, Mönche und Kaiser (642-1054) /$chrsg. von Gilbert Dagron, Pierre Riché und André Vauchez ; deutsche Ausgabe bearbeitet und herausgegeben von Egon Boshof. 250 $aSonderausgabe. 260 $aFreiburg im Breisgau :$bHerder & Co.,$c2010. 300 $aXVIII, 982 p. :$bill. ;$c24 cm. 650 4$aChiesa$xStoria$xStudi.$0(OLS)http://pul/subject/28557 700 1 $aDagron, Gilbert,$d1932-$0(OLS)http://pul/name/7645 700 1 $aRiché, Pierre,$d1921-$0(OLS)http://pul/name/9114 700 1 $aVauchez, André,$d1938-$0(OLS)http://pul/name/625 700 1 $aBoshof, Egon,$d1937-$0(OLS)http://pul/name/62662 774 0 $tGeschichte des Christentums.$bSonderausgabe.$dFreiburg im Breisgau : Herder & Co., 2010.$w()124629 996 $6020$a978-3-451-30400-2 (v. 1-14)$9(OLS)http://pul/number/146636 996 $6082$a270$9(OLS)http://pul/classification/472 996 $6245$aBischöfe, Mönche und Kaiser (642-1054)$9(OLS)http://pul/title/157112 996 $6260$aFreiburg im Breisgau :$bHerder & Co.$9(OLS)http://pul/publisher/51627